| 000 | 01267cam a22003251i 4500 | ||
|---|---|---|---|
| 003 | SA-RiAUC | ||
| 005 | 20250418145527.0 | ||
| 008 | 250215s1987 sy g b 001 0 ara c | ||
| 040 |
_aJO-IrYU _bara _cSA-RiAUC _erda |
||
| 043 | _aa-sy--- | ||
| 050 | 1 | 4 | _b.S9288 1986 |
| 050 | 4 | _b.S59 1986 | |
| 082 | 0 | 4 | _a346.56504 |
| 090 |
_a346.56504 _b س و ا |
||
| 100 | 1 |
_aسوار، محمد محمود وحيد الدين _eمؤلف. |
|
| 245 | 1 | 0 |
_aشرح القانون المدني : _bالحقوق العينية الأصلية / _cمحمد وحيد الدين سوار. |
| 250 | _aالطبعة الثالثة. | ||
| 264 | 1 |
_aدمشق : _bجامعة دمشق، _c1987 |
|
| 300 |
_a943 صفحة ؛ _c24 سم |
||
| 336 |
_aنص _btxt _2rdacontent _3كتاب |
||
| 337 |
_aبدون وسيط _bn _2rdamedia |
||
| 338 |
_aمجلد _bnc _2rdacarrier |
||
| 500 | _aيشتمل على كشافات. | ||
| 504 | _aببليوجرافية : صفحة 899-901. | ||
| 650 | 7 |
_aالملكية _xقوانين وتشريعات _zسوريا _2aucsh |
|
| 650 | 7 |
_aالحقوق العينية الأصلية _zسوريا _2aucsh |
|
| 650 | 7 |
_aالقانون المدني _zسوريا _2aucsh |
|
| 942 |
_2ddc _cBOOK _n0 |
||
| 949 |
_aSA-JeALM _d250215 _umohamedma123 _n1 |
||
| 999 |
_c7183 _d7183 |
||